Statistics for Largest cities in Sweden

Click here to take the quiz!

General Stats

  • This quiz has been taken 18 times
  • The average score is 8 of 13

Answer Stats

Answer % Correct
Stockholm
100%
Gothenburg
100%
Malmo
100%
Uppsala
88%
Linkoping
75%
Orebro
63%
Vasteras
50%
Helsingborg
50%
Norrkkoping
50%
Visby
50%
Lulea
38%
Are
13%
Upplands Vasby
0%

Score Distribution

Percentile by Number Answered

Percent of People with Each Score

Your Score History

You have not taken this quiz